00721nam a2200241 a 4500001001300000003000900013005001700022008004100039020002300080082001600103100001800119245005600137260003100193300000800224500003500232505002400267650002100291700001800312902000800330942000700338952011700345999001700462nice12345678IN_TiNIC20260116014427.0050524s1998 dela grp 000 0 eng  a8186816 c17500a343.08bCHO aChomsky, Noam aProfit Over Peopleb Neoliberlaism and Global Order aDelhibMadhyam Booksc1998 a175 aincludes index and biblioraphy2 aBibliography, Index aTrade-Regulation1 aChomsky, Noam bSRS cBK 001040708StackRoom-aHMIbHMId2007-06-04g175.00l0o343.08 CHOp020342r2007-06-04v175.00w2005-05-24yBK c15254d15254